Becoming a critical thinker : a user friendly manual / (Record no. 1597)

000 -LEADER
fixed length control field 00915cam a2200301 a 4500
001 - CONTROL NUMBER
control field 16798033
003 - CONTROL NUMBER IDENTIFIER
control field OSt
005 - DATE AND TIME OF LATEST TRANSACTION
control field 20150409095112.0
008 - FIXED-LENGTH DATA ELEMENTS--GENERAL INFORMATION
fixed length control field 110526s2012 maua 001 0 eng
010 ## - LIBRARY OF CONGRESS CONTROL NUMBER
LC control number 2011021583
020 ## - INTERNATIONAL STANDARD BOOK NUMBER
International Standard Book Number 9780205063451
020 ## - INTERNATIONAL STANDARD BOOK NUMBER
International Standard Book Number 0205063454
035 ## - SYSTEM CONTROL NUMBER
System control number (OCoLC)ocn727610632
040 ## - CATALOGING SOURCE
Original cataloging agency DLC
Transcribing agency DLC
Modifying agency YDX
-- YDXCP
-- BWX
-- DLC
042 ## - AUTHENTICATION CODE
Authentication code pcc
050 00 - LIBRARY OF CONGRESS CALL NUMBER
Classification number B809.2.D54 2012
082 00 - DEWEY DECIMAL CLASSIFICATION NUMBER
Classification number 370.15/2
Edition number 23
100 1# - MAIN ENTRY--PERSONAL NAME
Personal name Diestler, Sherry.
245 10 - TITLE STATEMENT
Title Becoming a critical thinker : a user friendly manual /
Statement of responsibility, etc Sherry Diestler.
250 ## - EDITION STATEMENT
Edition statement 6th ed.
260 ## - PUBLICATION, DISTRIBUTION, ETC. (IMPRINT)
Place of publication, distribution, etc Boston :
Name of publisher, distributor, etc Pearson,
Date of publication, distribution, etc c2012.
300 ## - PHYSICAL DESCRIPTION
Extent xvi, 495 p. :
Other physical details col. ill. ;
Dimensions 26 cm.
500 ## - GENERAL NOTE
General note Includes index.
650 #0 - SUBJECT ADDED ENTRY--TOPICAL TERM
Topical term or geographic name as entry element Critical thinking
Form subdivision Textbooks.
906 ## - LOCAL DATA ELEMENT F, LDF (RLIN)
a 7
b cbc
c orignew
d 1
e ecip
f 20
g y-gencatlg
942 ## - ADDED ENTRY ELEMENTS (KOHA)
Source of classification or shelving scheme
Koha item type Book
Holdings
Withdrawn status Lost status Source of classification or shelving scheme Damaged status Not for loan Home library Current library Shelving location Date acquired Total Checkouts Full call number Barcode Date last seen Date checked out Copy number Price effective from Koha item type Total Renewals
          Riara University Library Riara University Library General stack 09/04/2015 7 B809.2.D54 2012 5469/15 24/03/2023 05/12/2022 C.1 09/04/2015 Book  
          Riara University Library Riara University Library General stack 09/04/2015 3 B809.2.D54 2012 5470/15 10/12/2018 22/11/2018 C.2 09/04/2015 Book 1
          Riara University Library Riara University Library General stack 09/04/2015 4 B809.2.D54 2012 5471/15 13/12/2018 07/12/2018 C.3 09/04/2015 Book  

Riara University Library,
P.O. Box 49940-00100,
Nairobi, Kenya.